| 000 | 00535nam a2200205Ia 4500 | ||
|---|---|---|---|
| 005 | 20221213143501.0 | ||
| 008 | 131103s9999 xx 000 0 und d | ||
| 020 | _a582351065 | ||
| 040 | _aLoreto College | ||
| 041 | _aEnglish | ||
| 082 |
_a821.91 _bYEA-MAL |
||
| 100 | _aMalins, Edward | ||
| 245 | 2 |
_aA preface to Yeats _cEdward Malins |
|
| 260 |
_aLondon _bLongman _c1974 |
||
| 300 |
_aix,212p. _b plates, photo. |
||
| 650 | _aYeats, W.B. - Criticism | ||
| 651 | _aEnglish poetry - Criticism | ||
| 850 | _aLCLIB | ||
| 942 | _cBK | ||
| 999 |
_c21608 _d72087 |
||